[Event "3.Città di Padova Op.B, Elo<1900"]
[Site "Padova Ex Fornace Carotta"]
[Date "2000.12.09"]
[Round "4.20"]
[White "Trimboli, Carlo"]
[Black "Tomio, Dante"]
[Result "0-1"]
[WhiteElo "1500"]
[BlackElo "1635"]
[Annotator "Gabriele Ballarin"]
[PlyCount "124"]
[EventDate "2000.12.02"]
[EventType "swiss"]
[EventRounds "6"]
[EventCountry "ITA"]

1. d4 Nf6 2. Nf3 g6 3. Bg5 Bg7 4. e3 d6 5. h3 O-O 6. Bd3 Nbd7 7. c4 h6 8. Bxf6 Bxf6 9. Qc2 e5 10. Be2 exd4 11. exd4 c5 12. Qd2 Bg7 13. O-O Qf6 14. Rd1 Re8 15. Nc3 Qd8 16. Nb5 Bf8 17. Bf1 a6 18. Nc3 b6 19. Re1 Bb7 20. d5 Nf6 21. Rxe8 Qxe8 22. Re1 Qd7 23. Nh2 Re8 24. Rxe8 Qxe8 25. Qe2 Qxe2 26. Bxe2 b5 27. Bd3 bxc4 28. Bxc4 Nd7 29. Nf3 Nb6 30. b3 f5 31. g4 Bg7 32. Ne2 fxg4 33. hxg4 Bxd5 34. Bxd5+ Nxd5 35. Nh4 Kf7 36. f4 Nxf4 37. Nxf4 g5 38. Nhg2 gxf4 39. Nxf4 Be5 40. Nd3 Kf6 41. Kg2 a5 42. a4 Bd4 43. Kf3 d5 44. Nf4 Ke5 45. Nd3+ Kd6 46. Kf4 c4 47. bxc4 dxc4 48. Nc1 Kd5 49. Kf5 c3 50. Kf4 Bf6 51. Kf3 Kc4 52. Ke2 Kb4 53. Kd1 Kxa4 54. Kc2 Kb4 55. Na2+ Kc4 56. Nc1 Kd5 57. Kb3 Ke4 58. Ne2 Kf3 59. Ng1+ Kxg4 60. Ne2 h5 61. Ng1 h4 62. Kc2 h3 0-1

[Event "3.Città di Padova Op.B, Elo<1900"]
[Site "Padova Ex Fornace Carotta"]
[Date "2000.12.09"]
[Round "4.21"]
[White "Bertucco, Diego"]
[Black "Zangrando, Gianpietro"]
[Result "0-1"]
[WhiteElo "1600"]
[BlackElo "1662"]
[Annotator "Gabriele Ballarin"]
[PlyCount "82"]
[EventDate "2000.12.02"]
[EventType "swiss"]
[EventRounds "6"]
[EventCountry "ITA"]

1. e4 c6 2. d4 d5 3. Nc3 dxe4 4. Nxe4 Nf6 5. Nxf6+ gxf6 6. Bc4 Bf5 7. Be3 e6 8. Ne2 Nd7 9. Ng3 Bg6 10. h4 h5 11. Be2 Bd6 12. Nxh5 Bxh5 13. Bxh5 Qa5+ 14. Bd2 Qxh5 15. Qxh5 Rxh5 16. g4 Rh7 17. O-O-O O-O-O 18. Rh3 Rg8 19. f3 Nb6 20. b3 Nd5 21. h5 Bf4 22. c4 Bxd2+ 23. Rxd2 Nf4 24. Rh4 Rhh8 25. Kc2 Kd7 26. Kc3 Ke7 27. a4 Rg5 28. b4 f5 29. Rdh2 Kf6 30. b5 Rhg8 31. bxc6 bxc6 32. h6 Ng6 33. h7 Rh8 34. Rh6 fxg4 35. f4 Rf5 36. Kb4 Kg7 37. R6h5 a5+ 38. Kc3 Nxf4 39. Rxf5 exf5 40. Rf2 g3 41. Rf3 g2 0-1

[Event "3.Città di Padova Op.B, Elo<1900"]
[Site "Padova Ex Fornace Carotta"]
[Date "2000.12.09"]
[Round "4.22"]
[White "Goi, Veronika"]
[Black "Baracchi, Leonardo"]
[Result "1/2-1/2"]
[WhiteElo "1633"]
[BlackElo "1500"]
[Annotator "Gabriele Ballarin"]
[PlyCount "76"]
[EventDate "2000.12.02"]
[EventType "swiss"]
[EventRounds "6"]
[EventCountry "ITA"]

1. d4 d5 2. Bf4 Nf6 3. Nd2 Bf5 4. Ngf3 c5 5. e3 Bg4 6. Be2 Nc6 7. c3 cxd4 8. exd4 e6 9. Qb3 Qc8 10. Bb5 a6 11. Bd3 Be7 12. Rc1 b5 13. Ne5 Nxe5 14. Bxe5 O-O 15. O-O Nd7 16. Bg3 Bg5 17. Qc2 g6 18. f4 Bf6 19. Nf3 Bxf3 20. Rxf3 Nb6 21. Bf2 Qb7 22. h4 Bg7 23. g4 Nc4 24. Kg2 Nd6 25. Re1 Rae8 26. Bg3 f5 27. g5 Ne4 28. Rh1 Kf7 29. h5 Rh8 30. h6 Bf8 31. a3 Rc8 32. Qe2 Rc6 33. Ra1 Be7 34. Rff1 Rb8 35. Rfc1 Rbc8 36. Be1 Bd6 37. Kf3 Ke7 38. Qd1 Kf7 1/2-1/2

[Event "3.Città di Padova Op.B, Elo<1900"]
[Site "Padova Ex Fornace Carotta"]
[Date "2000.12.09"]
[Round "4.23"]
[White "Menegollo, Carlo"]
[Black "Alba, Riccardo"]
[Result "1-0"]
[WhiteElo "1500"]
[BlackElo "1500"]
[Annotator "Gabriele Ballarin"]
[PlyCount "79"]
[EventDate "2000.12.02"]
[EventType "swiss"]
[EventRounds "6"]
[EventCountry "ITA"]

1. e4 e5 2. d4 exd4 3. Qxd4 Nc6 4. Qe3 g6 5. Nc3 Bg7 6. Bd2 Nf6 7. f3 O-O 8. O-O-O a6 9. Bd3 Ne5 10. g4 d5 11. g5 d4 12. Qe2 Nfd7 13. Nd5 c6 14. Nf4 b5 15. Qf1 c5 16. Be2 Nb6 17. h4 Nbc4 18. Nd3 Nxd2 19. Rxd2 Nc4 20. Nxc5 Nxd2 21. Kxd2 Qa5+ 22. Kd1 Qxa2 23. Nd3 Bb7 24. Qh3 Rfc8 25. Nc1 Qxb2 26. Bd3 b4 27. h5 Rc6 28. hxg6 fxg6 29. Qxh7+ Kf7 30. Qh3 Rd8 31. f4 Rxc2 32. Bxc2 d3 33. Bb3+ Bd5 34. exd5 Re8 35. d6+ Kf8 36. Qxd3 Re1+ 37. Kxe1 Qxc1+ 38. Kf2 Qb2+ 39. Ne2 Bd4+ 40. Kf3 1-0

[Event "3.Città di Padova Op.B, Elo<1900"]
[Site "Padova Ex Fornace Carotta"]
[Date "2000.12.09"]
[Round "4.24"]
[White "Muzhaqi, Halit"]
[Black "Barbetta, Cosimo"]
[Result "1-0"]
[WhiteElo "1500"]
[BlackElo "1600"]
[Annotator "Gabriele Ballarin"]
[PlyCount "66"]
[EventDate "2000.12.02"]
[EventType "swiss"]
[EventRounds "6"]
[EventCountry "ITA"]

1. e4 c5 2. f4 Nc6 3. Nf3 Nd4 4. Bc4 e6 5. O-O b5 6. Nxd4 bxc4 7. Nf3 Nf6 8. Nc3 Bb7 9. Qe2 Ba6 10. b3 Nh5 11. Ne5 g6 12. Nxc4 Bxc4 13. Qxc4 Qc7 14. f5 Bd6 15. h3 Nf4 16. Nb5 Nxh3+ 17. gxh3 Bh2+ 18. Kh1 Qg3 19. Qe2 Qxh3 20. Nc7+ Bxc7+ 21. Kg1 Be5 22. c3 O-O 23. Ba3 Qg3+ 24. Kh1 Rfc8 25. Rf2 d6 26. Re1 a5 27. Rf3 Qh4+ 28. Kg1 a4 29. b4 Bh2+ 30. Kg2 Be5 31. Rh1 Qg5+ 32. Kf1 Rc6 33. Ke1 Rac8 1-0

[Event "3.Città di Padova Op.B, Elo<1900"]
[Site "Padova Ex Fornace Carotta"]
[Date "2000.12.09"]
[Round "4.25"]
[White "Meggiorin, Orlando"]
[Black "Zannol, Roberto"]
[Result "0-1"]
[WhiteElo "1600"]
[BlackElo "1500"]
[Annotator "Gabriele Ballarin"]
[PlyCount "32"]
[EventDate "2000.12.02"]
[EventType "swiss"]
[EventRounds "6"]
[EventCountry "ITA"]

1. e4 e5 2. Nf3 Nf6 3. d3 Nc6 4. Be2 d5 5. exd5 Qxd5 6. Nc3 Bb4 7. Bd2 Qd6 8. a3 Ba5 9. h3 Bd7 10. b4 Bb6 11. O-O Nd4 12. Na4 Bxa4 13. Nxd4 Bxd4 14. Ra2 O-O 15. Qc1 Qe6 16. c4 Bb3 0-1

[Event "3.Città di Padova Op.B, Elo<1900"]
[Site "Padova Ex Fornace Carotta"]
[Date "2000.12.09"]
[Round "4.26"]
[White "Crestani, Federico"]
[Black "Pomaro, Stefano"]
[Result "0-1"]
[WhiteElo "1480"]
[BlackElo "1563"]
[Annotator "Gabriele Ballarin"]
[PlyCount "75"]
[EventDate "2000.12.02"]
[EventType "swiss"]
[EventRounds "6"]
[EventCountry "ITA"]

1. d4 b5 2. e4 Bb7 3. Bd3 e6 4. Nf3 c5 5. c3 c4 6. Bc2 d5 7. e5 Ne7 8. Ng5 g6 9. Qf3 Nf5 10. g4 Nh6 11. Qh3 Qd7 12. Nxh7 Rxh7 13. g5 Nc6 14. Rg1 O-O-O 15. Bf4 Bg7 16. gxh6 Rdh8 17. Bxg6 fxg6 18. Rxg6 Nd8 19. Rxg7 Rxg7 20. hxg7 Qxg7 21. Qg3 Qh7 22. Nd2 Rg8 23. Bg5 Nf7 24. h4 Nh6 25. O-O-O Nf5 26. Qf4 Bc6 27. Rh1 Be8 28. Nf3 Bh5 29. Nh2 Rf8 30. f3 Rf7 31. Bf6 Nh6 32. Ng4 Ng8 33. Qe3 Bg6 34. Rh2 Qh5 35. Qg5 Nxf6 36. Nxf6 Qxf3 37. Qxg6 Qf4+ 38. Rd2 0-1

[Event "3.Città di Padova Op.B, Elo<1900"]
[Site "Padova Ex Fornace Carotta"]
[Date "2000.12.09"]
[Round "4.27"]
[White "Quaranta, Cristiano"]
[Black "Del Giudice, Stefano"]
[Result "1-0"]
[WhiteElo "1468"]
[BlackElo "1555"]
[Annotator "Gabriele Ballarin"]
[PlyCount "81"]
[EventDate "2000.12.02"]
[EventType "swiss"]
[EventRounds "6"]
[EventCountry "ITA"]

1. d4 d5 2. c4 c6 3. Nf3 Nf6 4. e3 a6 5. Nc3 b5 6. c5 Bg4 7. Be2 Nbd7 8. a3 Bxf3 9. Bxf3 e5 10. O-O e4 11. Be2 Be7 12. Qc2 O-O 13. f3 exf3 14. Bxf3 Qc7 15. e4 dxe4 16. Nxe4 Nd5 17. Nc3 N7f6 18. Nxd5 Nxd5 19. Bxd5 cxd5 20. Bf4 Qc6 21. Be5 f6 22. Bg3 g6 23. Rae1 Rae8 24. Qb3 Bd8 25. Qf3 Re4 26. Rxe4 dxe4 27. Qb3+ Kg7 28. Bd6 Rf7 29. d5 Qd7 30. Qe3 Be7 31. Bxe7 Rxe7 32. Qd4 Re5 33. d6 e3 34. Re1 e2 35. b4 Qf5 36. Qd2 Qe6 37. d7 Rd5 38. d8=Q Rxd8 39. Qxd8 Qe3+ 40. Kh1 Qf2 41. Qe7+ 1-0

[Event "3.Città di Padova Op.B, Elo<1900"]
[Site "Padova Ex Fornace Carotta"]
[Date "2000.12.09"]
[Round "4.28"]
[White "Ceccherini, Paolo"]
[Black "Moschini, Costantino"]
[Result "0-1"]
[WhiteElo "1507"]
[BlackElo "1465"]
[Annotator "Gabriele Ballarin"]
[PlyCount "106"]
[EventDate "2000.12.02"]
[EventType "swiss"]
[EventRounds "6"]
[EventCountry "ITA"]

1. d4 Nf6 2. Nc3 g6 3. e4 d6 4. Bg5 Bg7 5. Bc4 O-O 6. f3 c6 7. Qd2 b5 8. Bd3 Nbd7 9. Nge2 Qb6 10. O-O-O a5 11. Bh6 a4 12. Bxg7 Kxg7 13. a3 b4 14. Nb1 bxa3 15. Nxa3 Ba6 16. h4 Rfb8 17. Qc3 Rc8 18. Bxa6 Qxa6 19. Kd2 c5 20. g4 cxd4 21. Qxd4 Ne5 22. Ke3 Nc4+ 23. Kf2 e5 24. Qd3 Nxa3 25. bxa3 Qb6+ 26. Qe3 Qxe3+ 27. Kxe3 Rxc2 28. Rxd6 Ra2 29. Rd3 Rb8 30. Rhd1 Rb3 31. Nc1 Rxd3+ 32. Rxd3 Ra1 33. Rc3 Ne8 34. Kd2 Nd6 35. Kc2 Nb5 36. Kb2 Nxc3 37. Kxa1 Kf6 38. Kb2 Nb5 39. Na2 Nd4 40. Nc3 Nxf3 41. Nxa4 Nxh4 42. Nc5 Ke7 43. a4 Kd6 44. Nd3 Nf3 45. Kc3 Ng5 46. Nf2 h5 47. Kb4 Kc6 48. Ka5 h4 49. Ka6 h3 50. Ka7 Kc7 51. a5 h2 52. a6 Nxe4 53. Ka8 Nxf2 0-1

[Event "3.Città di Padova Op.B, Elo<1900"]
[Site "Padova Ex Fornace Carotta"]
[Date "2000.12.09"]
[Round "4.29"]
[White "Musiani, Carlo"]
[Black "Sedani, Elisa"]
[Result "1/2-1/2"]
[WhiteElo "1458"]
[BlackElo "1533"]
[Annotator "Gabriele Ballarin"]
[PlyCount "54"]
[EventDate "2000.12.02"]
[EventType "swiss"]
[EventRounds "6"]
[EventCountry "ITA"]

1. e4 c5 2. Nf3 d6 3. d4 cxd4 4. Nxd4 Nf6 5. Nc3 a6 6. Bg5 Nbd7 7. Bc4 b5 8. Bb3 b4 9. Na4 Qa5 10. f3 Qxg5 11. O-O Nh5 12. Ne2 e5 13. Qd5 Ra7 14. Qxf7+ Kd8 15. Qc4 a5 16. Qd3 Ba6 17. Bc4 Bxc4 18. Qxc4 Rc7 19. Qd3 Be7 20. Rfe1 Rf8 21. c3 Rf6 22. Rf1 Nf4 23. Nxf4 Qxf4 24. a3 Rg6 25. Kh1 Qh6 26. Rg1 Bg5 27. Rae1 Ke7 1/2-1/2

[Event "3.Città di Padova Op.B, Elo<1900"]
[Site "Padova Ex Fornace Carotta"]
[Date "2000.12.09"]
[Round "4.30"]
[White "Morelli, Umberto"]
[Black "Pilotto, Alessandro"]
[Result "1-0"]
[WhiteElo "1507"]
[BlackElo "1600"]
[Annotator "Gabriele Ballarin"]
[PlyCount "81"]
[EventDate "2000.12.02"]
[EventType "swiss"]
[EventRounds "6"]
[EventCountry "ITA"]

1. d4 d5 2. Nf3 Bg4 3. e3 Nf6 4. c4 dxc4 5. Bxc4 e6 6. Qa4+ Nbd7 7. Ne5 Bf5 8. Nc3 c6 9. Nxd7 Nxd7 10. Qd1 h6 11. e4 Bh7 12. O-O Be7 13. Re1 O-O 14. f4 b5 15. Bb3 Bh4 16. g3 Be7 17. Be3 b4 18. Na4 Bxe4 19. Nc5 Nxc5 20. dxc5 Bf6 21. Qc1 a5 22. Bc2 Bd5 23. Rd1 Qc7 24. g4 e5 25. g5 hxg5 26. fxg5 Be7 27. Qd2 Qd7 28. Qe2 Qg4+ 29. Qxg4 e4 30. Bxe4 Bxe4 31. Qxe4 Rfe8 32. Qxc6 Rac8 33. Qb5 Bf8 34. Rd3 Re6 35. Rc1 Re4 36. Rc4 Re5 37. Qd7 Rce8 38. Qd4 Rf5 39. c6 Ree5 40. c7 Rf3 41. Qxe5 1-0

[Event "3.Città di Padova Op.B, Elo<1900"]
[Site "Padova Ex Fornace Carotta"]
[Date "2000.12.09"]
[Round "4.31"]
[White "Galiano, Salvatore"]
[Black "Sanavio, Giancarlo"]
[Result "0-1"]
[WhiteElo "1416"]
[BlackElo "1561"]
[Annotator "Gabriele Ballarin"]
[PlyCount "124"]
[EventDate "2000.12.02"]
[EventType "swiss"]
[EventRounds "6"]
[EventCountry "ITA"]

1. d4 Nf6 2. c4 e6 3. e3 c5 4. Nf3 b6 5. Bd3 Bb7 6. O-O d5 7. Nc3 Be7 8. Re1 Nbd7 9. cxd5 exd5 10. dxc5 bxc5 11. e4 d4 12. Na4 O-O 13. e5 Nd5 14. Qc2 g6 15. e6 Nb4 16. Qe2 Bxf3 17. gxf3 Nxd3 18. Qxd3 Nf6 19. Bh6 Re8 20. exf7+ Kxf7 21. Qc4+ Qd5 22. Rac1 Rac8 23. Re5 Qxc4 24. Rxc4 d3 25. b3 Red8 26. Bd2 Bd6 27. Rexc5 Bxc5 28. Nxc5 Re8 29. Be3 Nd5 30. Rh4 Rxc5 31. Bxc5 d2 32. Rd4 Re1+ 33. Kg2 d1=Q 34. Rxd1 Rxd1 35. Bxa7 Nf4+ 36. Kg3 g5 37. h4 Ne2+ 38. Kg4 Rg1+ 39. Kh5 Nf4+ 40. Kh6 gxh4 41. Bb8 Nd3 42. a4 Rb1 43. a5 Rxb3 44. Bh2 Nc5 45. Bd6 Na6 46. Kh5 h3 47. Kg4 Rd3 48. Bg3 Rd5 49. Kxh3 Rxa5 50. f4 Nb4 51. Kg2 Nd5 52. Kf3 Ra4 53. Kg4 Kg6 54. Kf3 Kf5 55. Bh2 Ra3+ 56. Ke2 Nxf4+ 57. Kd2 Ng2 58. Bg3 Kg4 59. Ke2 Ra2+ 60. Kf1 Nf4 61. Ke1 h5 62. Kf1 Ra1# 0-1

[Event "3.Città di Padova Op.B, Elo<1900"]
[Site "Padova Ex Fornace Carotta"]
[Date "2000.12.09"]
[Round "4.32"]
[White "Borgato, Alessandro"]
[Black "Spinoso, Giovanni"]
[Result "1-0"]
[WhiteElo "1600"]
[BlackElo "1452"]
[Annotator "Gabriele Ballarin"]
[PlyCount "91"]
[EventDate "2000.12.02"]
[EventType "swiss"]
[EventRounds "6"]
[EventCountry "ITA"]

1. e4 c5 2. Nf3 d6 3. Bc4 e6 4. Nc3 a6 5. a4 Nc6 6. d4 cxd4 7. Nxd4 Be7 8. Nxc6 bxc6 9. Qg4 Bf6 10. Bd2 Rb8 11. b3 d5 12. exd5 cxd5 13. Bd3 e5 14. Qg3 Ne7 15. Bg5 Qd6 16. O-O O-O 17. Rae1 Bxg5 18. Qxg5 f6 19. Qh4 Bf5 20. Qg3 Bxd3 21. Qxd3 f5 22. Qe3 e4 23. Rd1 Rfd8 24. Qd4 Rb4 25. Qd2 Rb7 26. Ne2 Nc6 27. Nd4 Nxd4 28. Qxd4 Rb4 29. Qd2 h6 30. g3 Kf7 31. f3 Qc5+ 32. Kg2 e3 33. Qd3 Kg8 34. Qxf5 Rd4 35. Qe6+ Kh8 36. Qxe3 Qxc2+ 37. Qf2 Qxf2+ 38. Kxf2 Rb4 39. Rd3 d4 40. Re1 Rb7 41. Re6 Ra7 42. Rb6 Kg8 43. f4 Kf7 44. Kf3 Ke7 45. Rb4 Rad7 46. Ke4 1-0

[Event "3.Città di Padova Op.B, Elo<1900"]
[Site "Padova Ex Fornace Carotta"]
[Date "2000.12.09"]
[Round "4.33"]
[White "Marson, Antonio"]
[Black "Verdi, Ruben"]
[Result "1-0"]
[WhiteElo "1525"]
[BlackElo "1443"]
[Annotator "Gabriele Ballarin"]
[PlyCount "71"]
[EventDate "2000.12.02"]
[EventType "swiss"]
[EventRounds "6"]
[EventCountry "ITA"]

1. d4 Nf6 2. Nf3 d5 3. Bf4 e6 4. h3 h6 5. e3 Bd6 6. Bxd6 Qxd6 7. c3 O-O 8. Nbd2 a6 9. a4 Nbd7 10. Be2 c5 11. O-O Re8 12. Re1 cxd4 13. cxd4 Nh7 14. Qb3 e5 15. dxe5 Nxe5 16. Rad1 Ng6 17. Nb1 Nf6 18. Nc3 Rd8 19. Rd2 b6 20. Red1 Be6 21. Nd4 Ra7 22. Rc1 Rc8 23. Qd1 Nh4 24. Nxe6 fxe6 25. Qf1 Rd8 26. Rdc2 Qe7 27. Qd1 Nd7 28. Bf3 Ne5 29. Be2 Qg5 30. Bf1 Rf8 31. Kh1 Rf3 32. Ne2 Rxh3+ 33. gxh3 Nf5 34. Ng3 Rf7 35. Rc8+ Kh7 36. Bd3 1-0

[Event "3.Città di Padova Op.B, Elo<1900"]
[Site "Padova Ex Fornace Carotta"]
[Date "2000.12.09"]
[Round "4.34"]
[White "Arras, Antonio"]
[Black "Bonetto, Giorgio"]
[Result "0-1"]
[WhiteElo "1500"]
[BlackElo "1528"]
[Annotator "Gabriele Ballarin"]
[PlyCount "72"]
[EventDate "2000.12.02"]
[EventType "swiss"]
[EventRounds "6"]
[EventCountry "ITA"]

1. e4 e6 2. d4 d5 3. Nd2 dxe4 4. Nxe4 Nd7 5. Nf3 Ngf6 6. Bg5 Be7 7. Bd3 h6 8. Nxf6+ Nxf6 9. Be3 Nd5 10. O-O O-O 11. c3 b6 12. Ne5 Bb7 13. Qg4 Nxe3 14. fxe3 f5 15. Qg3 Bd6 16. Bc4 Rf6 17. Qh3 Bxe5 18. dxe5 Rg6 19. Bxe6+ Rxe6 20. Rxf5 Rg6 21. g4 Bc8 22. Rf4 Bb7 23. Raf1 Qg5 24. Qf3 Re8 25. h4 Qxe5 26. Kh2 Qxe3 27. Rf8+ Kh7 28. Qxe3 Rxe3 29. R1f4 Re2+ 30. Kg3 Rxb2 31. Rb8 Bd5 32. Rff8 Rg2+ 33. Kh3 R6xg4 34. h5 R4g3+ 35. Kh4 g5+ 36. hxg6+ Kxg6 0-1

[Event "3.Città di Padova Op.B, Elo<1900"]
[Site "Padova Ex Fornace Carotta"]
[Date "2000.12.09"]
[Round "4.35"]
[White "Varotto, Adriano"]
[Black "Chinellato, Marco"]
[Result "0-1"]
[WhiteElo "1500"]
[BlackElo "1500"]
[Annotator "Gabriele Ballarin"]
[PlyCount "101"]
[EventDate "2000.12.02"]
[EventType "swiss"]
[EventRounds "6"]
[EventCountry "ITA"]

1. e4 e5 2. Nf3 Nf6 3. Nc3 Nc6 4. Bc4 Nxe4 5. Bxf7+ Kxf7 6. Nxe4 Be7 7. d4 exd4 8. Nxd4 Nxd4 9. Qxd4 d5 10. Ng3 Bf6 11. Qd1 Re8+ 12. Ne2 Kg8 13. O-O Bg4 14. f3 Bh5 15. Nf4 Bf7 16. c3 d4 17. cxd4 Bc4 18. Re1 Qxd4+ 19. Kh1 Qxd1 20. Rxd1 c6 21. Bd2 h6 22. Bc3 Bxc3 23. bxc3 g5 24. Nh5 Re7 25. h3 Kf7 26. Rd6 Re2 27. Rxh6 Rd8 28. Rf6+ Ke7 29. Rg6 Rdd2 30. Rxg5 Rc2 31. a4 b6 32. Nf4 Rf2 33. Re1+ Kf6 34. h4 b5 35. axb5 cxb5 36. Ra1 Rxc3 37. Rxa7 b4 38. Rg6+ Ke5 39. Nh3 Rc1+ 40. Kh2 Rff1 41. Ra5+ Kd4 42. h5 Kc3 43. h6 Bd3 44. Rc6+ Kd2 45. Rxc1 Rxc1 46. Ng5 b3 47. h7 Bxh7 48. Nxh7 b2 49. Ra2 Kc3 50. Rxb2 Kxb2 51. Ng5 0-1

[Event "3.Città di Padova Op.B, Elo<1900"]
[Site "Padova Ex Fornace Carotta"]
[Date "2000.12.09"]
[Round "4.36"]
[White "Alessi, Giovanni"]
[Black "Tasson, Giovanni"]
[Result "1-0"]
[WhiteElo "1500"]
[BlackElo "1474"]
[Annotator "Gabriele Ballarin"]
[PlyCount "122"]
[EventDate "2000.12.02"]
[EventType "swiss"]
[EventRounds "6"]
[EventCountry "ITA"]

1. e4 e5 2. Nf3 Nc6 3. Bc4 Bc5 4. O-O Nf6 5. d3 h6 6. a3 a5 7. Re1 O-O 8. c3 d6 9. Be3 Bxe3 10. Rxe3 Bg4 11. Nbd2 Re8 12. Qb3 Qd7 13. Bb5 Be6 14. Qc2 Qe7 15. d4 Bd7 16. Bd3 Nh7 17. d5 Nb8 18. c4 Na6 19. Nb3 b6 20. Rf1 Bg4 21. Qc3 Nc5 22. Nxc5 bxc5 23. b3 Bd7 24. Nd2 a4 25. b4 cxb4 26. Qxb4 Rab8 27. Qc3 Rb6 28. f4 Reb8 29. fxe5 Qxe5 30. Qxe5 dxe5 31. c5 Rb2 32. Nc4 R2b3 33. Nxe5 Bb5 34. Rxf7 Bxd3 35. Rxc7 Bc2 36. Rxb3 axb3 37. Nc4 b2 38. Nxb2 Rxb2 39. e5 Be4 40. d6 Rxg2+ 41. Kf1 Rd2 42. e6 Nf6 43. Rc8+ Kh7 44. e7 Bg6 45. a4 Bf7 46. a5 g5 47. a6 Bc4+ 48. Ke1 Ra2 49. e8=Q Nxe8 50. Rxe8 Bb5 51. Re7+ Kg6 52. a7 Kf6 53. Rb7 Bc6 54. Rb6 Be8 55. d7+ Ke7 56. dxe8=Q+ Kxe8 57. Rb8+ Kd7 58. a8=Q Rxa8 59. Rxa8 Kc6 60. Ra6+ Kb5 61. Rxh6 Kxc5 1-0

[Event "3.Città di Padova Op.B, Elo<1900"]
[Site "Padova Ex Fornace Carotta"]
[Date "2000.12.10"]
[Round "5.1"]
[White "Marson, Luca"]
[Black "Gennari, Leone"]
[Result "0-1"]
[WhiteElo "1666"]
[BlackElo "1705"]
[Annotator "Gabriele Ballarin"]
[PlyCount "60"]
[EventDate "2000.12.02"]
[EventType "swiss"]
[EventRounds "6"]
[EventCountry "ITA"]

1. e4 e6 2. d4 d5 3. e5 c5 4. Qg4 Nc6 5. Nf3 Qb6 6. dxc5 Qxc5 7. Bd3 Qb4+ 8. Qxb4 Nxb4 9. Bd2 Nxd3+ 10. cxd3 Bd7 11. Nc3 f6 12. O-O fxe5 13. Nxe5 Nf6 14. Rfe1 Bd6 15. Rac1 Rc8 16. Nxd7 Kxd7 17. Nb5 Bb8 18. Nd4 e5 19. Nf3 e4 20. dxe4 Nxe4 21. Be3 Rhe8 22. Red1 Ke6 23. Nd4+ Ke5 24. g3 Kf6 25. Ne2 Ke6 26. Bf4 Be5 27. Bxe5 Kxe5 28. Nf4 Nf6 29. Re1+ Kd6 30. Rxe8 Rxc1+ 0-1

[Event "3.Città di Padova Op.B, Elo<1900"]
[Site "Padova Ex Fornace Carotta"]
[Date "2000.12.10"]
[Round "5.2"]
[White "Vismara, Daniele"]
[Black "Maccapan, Fabio"]
[Result "1-0"]
[WhiteElo "1886"]
[BlackElo "1738"]
[Annotator "Gabriele Ballarin"]
[PlyCount "85"]
[EventDate "2000.12.02"]
[EventType "swiss"]
[EventRounds "6"]
[EventCountry "ITA"]

1. Nf3 d5 2. d4 Nf6 3. c4 c6 4. Nc3 dxc4 5. a4 Bf5 6. Ne5 e6 7. f3 Be7 8. e4 Bg6 9. Bxc4 Nbd7 10. Nxd7 Qxd7 11. Be3 Qc7 12. O-O Qa5 13. Qb3 Qb4 14. Qxb4 Bxb4 15. Ne2 Be7 16. b4 Nd7 17. a5 a6 18. Rab1 O-O 19. Nc3 e5 20. dxe5 Nxe5 21. Be2 f5 22. Bc5 Bxc5+ 23. bxc5 fxe4 24. fxe4 Rxf1+ 25. Bxf1 Nd7 26. Na4 Bxe4 27. Rxb7 Bc2 28. Nb6 Nxc5 29. Bc4+ Kh8 30. Rc7 Rd8 31. Rxc6 Ne4 32. Bxa6 Bb3 33. Rc8 Rxc8 34. Bxc8 Nd6 35. a6 Nb5 36. Bd7 Na7 37. Nc8 Ba4 38. Nxa7 Bxd7 39. Kf2 Kg8 40. Ke3 Kf7 41. Kd4 Ke7 42. Kc5 Kd8 43. Kb6 1-0

[Event "3.Città di Padova Op.B, Elo<1900"]
[Site "Padova Ex Fornace Carotta"]
[Date "2000.12.10"]
[Round "5.3"]
[White "Lain, Luigi"]
[Black "Muha, Zdravko"]
[Result "0-1"]
[WhiteElo "1804"]
[BlackElo "1824"]
[Annotator "Gabriele Ballarin"]
[PlyCount "130"]
[EventDate "2000.12.02"]
[EventType "swiss"]
[EventRounds "6"]
[EventCountry "ITA"]

1. d4 Nf6 2. c4 e6 3. Nc3 d5 4. Bg5 Nbd7 5. e3 Bb4 6. cxd5 exd5 7. Bd3 c5 8. Nge2 c4 9. Bc2 O-O 10. O-O Qa5 11. Rc1 Re8 12. a3 Be7 13. Bb1 b5 14. Bxf6 Nxf6 15. Qc2 g6 16. e4 dxe4 17. Nxe4 Bb7 18. Qc3 Qb6 19. N2g3 Nd5 20. Qd2 Rad8 21. Rcd1 Bf8 22. Rfe1 Bg7 23. Nc5 Rxe1+ 24. Rxe1 Ba8 25. h3 Qf6 26. Qa5 Qb6 27. Qd2 Nf6 28. Qe3 Qd6 29. Ne2 Re8 30. Qd2 Nd7 31. Nxd7 Qxd7 32. Rd1 Qd5 33. f3 Qd6 34. Nc3 Bc6 35. Be4 Bd7 36. Kh1 f5 37. Bd5+ Kh8 38. f4 Bh6 39. g3 Bc6 40. Bxc6 Qxc6+ 41. Qg2 Qd7 42. Qf3 Bg7 43. d5 a5 44. Qf2 b4 45. Nb1 c3 46. bxc3 bxc3 47. Nxc3 Bxc3 48. Qc5 Rc8 49. Qb6 a4 50. Rd3 Bg7 51. Kg2 Qc7 52. Qe3 Qd6 53. Kf3 Bf6 54. g4 fxg4+ 55. hxg4 Rf8 56. Kg2 Bg7 57. Kf3 Be5 58. f5 gxf5 59. gxf5 Rxf5+ 60. Ke2 Bg7 61. Qe8+ Rf8 62. Qxa4 Qe5+ 63. Re3 Qxd5 64. Qg4 Qa2+ 65. Ke1 Qf2+ 0-1

[Event "3.Città di Padova Op.B, Elo<1900"]
[Site "Padova Ex Fornace Carotta"]
[Date "2000.12.10"]
[Round "5.4"]
[White "Dimitrijevic, Dragan"]
[Black "Allegranti, Luca"]
[Result "0-1"]
[WhiteElo "1864"]
[BlackElo "1702"]
[Annotator "Gabriele Ballarin"]
[PlyCount "124"]
[EventDate "2000.12.02"]
[EventType "swiss"]
[EventRounds "6"]
[EventCountry "ITA"]

{[%evp 0,100,32,32,84,126,107,65,69,45,34,42,42,18,43,8,8,8,29,18,22,0,0,-17,-20,-16,-8,-1,-1,-43,1,9,9,9,26,28,28,-7,-33,-27,-25,-31,-6,10,101,108,143,9,26,0,0,0,0,0,0,1,0,-6,67,-28,-28,-48,-27,-48,-65,-104,35,37,33,30,28,22,53,17,59,28,30,37,27,51,60,59,77,72,79,65,75,72,52,18,14,0,0,0,0,-6,-8,-12,2,12,53,39,16]} 1. d4 f5 2. Nc3 Nf6 3. Bg5 e6 4. e4 fxe4 5. Nxe4 Be7 6. Ng3 c5 7. Bxf6 Bxf6 8. Qh5+ g6 9. Qxc5 b6 10. Qd6 Bb7 11. f3 Nc6 12. c3 Rf8 13. Qa3 Qc7 14. Bb5 Be7 15. Qb3 Na5 16. Qd1 a6 17. Bd3 b5 18. Qe2 b4 19. Rc1 bxc3 20. bxc3 Ba3 21. Rc2 Qb6 22. Nh3 Rc8 23. O-O Rxc3 24. Rxc3 Qxd4+ 25. Kh1 Qxc3 26. Ng5 Qg7 27. Bxa6 Bd5 28. Rd1 Be7 29. N5e4 Qe5 30. Qb5 Nc6 31. a4 Kf7 32. f4 Qb8 33. Nc3 Qxb5 34. Bxb5 Nb4 35. Bxd7 Ra8 36. Nge4 h6 37. Nf2 Bb3 38. Rb1 Bc2 39. Re1 Bb3 40. Ng4 h5 41. Ne5+ Kg7 42. Bb5 Rc8 43. Ne2 Nc2 44. Rb1 Bd5 45. Bd3 Ne3 46. Nf3 Ng4 47. Ba6 Rc2 48. Rc1 Ra2 49. Nc3 Rb2 50. Nxd5 exd5 51. h3 Ne3 52. Rc7 Kf6 53. Rc6+ Kf5 54. Bd3+ Kxf4 55. Rxg6 Ra2 56. Rg7 Bd6 57. Kh2 Nf5 58. Rf7 Ke3+ 59. Kh1 Ra1+ 60. Ng1 Ng3+ 61. Kh2 Ne2+ 62. Kh1 Rxg1# 0-1